Größte Inselnationen der Welt - Statistiken

Allgemein
  • Dieses Quiz wurde 302 mal gespielt
  • Das Durchschnittsergebnis liegt bei 20 aus 25
Antwortstatistiken
Platz Land Größe Einwohnerzahl % Korrekt
1. Indonesien 1.912.988 270,6 Mio.
94%
4. Japan 377.837 127,38 Mio.
94%
8. Kuba 110.860 11,24 Mio.
94%
2. Madagaskar 587.041 26,26 Mio.
94%
10. Irland 70.273 4,76 Mio.
92%
9. Island 103.000 0,36 Mio.
92%
20. Jamaika 10.991 2,9 Mio.
92%
7. Großbritannien 242.910 66,44 Mio.
90%
6. Neuseeland 270.534 4,9 Mio.
90%
5. Philippinen 299.764 108,1 Mio.
90%
14. Haiti 27.750 11,3 Mio.
88%
11. Sri Lanka 65.610 21,8 Mio.
87%
12. Dominikanische Republik 48.730 10,7 Mio.
86%
21. Zypern 9.251 1,18 Mio.
85%
3. Papua-Neuguinea 462.840 8,8 Mio.
81%
18. Bahamas 13.393 0,39 Mio.
80%
13. Taiwan 36.006 23,57 Mio.
80%
24. Kap Verde 4.033 0,55 Mio.
79%
16. Fidschi 18.367 0,89 Mio.
78%
23. Trinidad und Tobago 5.128 1,4 Mio.
77%
15. Salomonen 27.556 0,67 Mio.
67%
19. Vanuatu 12.190 0,3 Mio.
65%
25. Samoa 3.355 0,2 Mio.
64%
17. Osttimor 14.409 1,26 Mio.
57%
22. Brunei 5.765 0,46 Mio.
52%
Keine übereinstimmenden Quizze gefunden
Verteilung der Resultate
Anzahl Personen mit jedem Resultat
Perzentil nach korrekt beantworteten Fragen
Ihre Resultats-Entwicklung
Sie haben dieses Quiz noch nicht gespielt